| 000 | 00481nam a2200145 i 4500 | ||
|---|---|---|---|
| 001 | 52927 | ||
| 003 | ES-MaACL | ||
| 005 | 20230906162653.0 | ||
| 007 | t| | ||
| 008 | 030926s1877 sp ||||1| spa d | ||
| 245 | 0 | 3 |
_aLa doctrina liberal _b: extractos de discursos, artÃculos y libros, los principales escritores y oradores de nuestros tiempos... |
| 260 |
_aMadrid : _b[s.n.], _c1877 ( _fImp. de Aurelio J. Alaria) |
||
| 300 |
_a107 p. ; _c18 cm. |
||
| 852 |
_aES-MaACL _jFol-Laf-509 |
||
| 999 |
_c52927 _d52927 |
||